| 000 | 01279nam a2200313 i 4500 | ||
|---|---|---|---|
| 001 | 34453 | ||
| 003 | ES-MaACL | ||
| 005 | 20230906154933.0 | ||
| 007 | t| | ||
| 008 | 030207s1980 sp af b |||| | spa d | ||
| 020 | _a84-7506-012-9 | ||
| 080 | _a016:72 | ||
| 080 | _a016:62 | ||
| 080 | _a016:711 | ||
| 100 | 1 |
_aBonet Correa, Antonio. _930126 |
|
| 245 | 1 | 0 |
_aBibliografía de arquitectura, ingeniería y urbanismo en España _b: (1498-1880) / _cAntonio Bonet Correa, director ; José Enrique García Melero, Sofía Diéguez Patao y Soledad Lorenzo Forniés. |
| 260 |
_aMadrid : _bTurner, _c[1980] |
||
| 300 |
_a2 v. (XVI, 595 p.) : _bil., grab. ; _c25 cm. |
||
| 500 | _aÍndices. | ||
| 595 | _a"La ed. de este libro ha sido posible gracias a la colaboración del Consejo Superior de los Colegios de Arquitectos de España" | ||
| 650 | 4 |
_aArquitectura- _vBibliografías. _9144221 |
|
| 650 | 4 |
_aIngeniería- _vBibliografías. _9144222 |
|
| 650 | 4 |
_aUrbanismo- _vBibliografías. _9144223 |
|
| 700 | 1 |
_aGarcía Melero, José Enrique. _954931 |
|
| 700 | 1 |
_aDiéguez Patao, Sofía. _944584 |
|
| 700 | 1 |
_aLorenzo Forniés, Soledad. _974185 |
|
| 710 | 2 |
_aConsejo Superior de los Colegios de Arquitectos de España. _9144220 |
|
| 852 |
_aES-MaACL _jL-6887-88 _z- Enc. tela gris |
||
| 999 |
_c34453 _d34453 |
||